Govt. of
Madhya Pradesh

All India TG-2 इलेक्ट्रिशियन थ्‍योरी (Record no. 67246)

MARC details
000 -LEADER
fixed length control field 00374nam a22001097a 4500
082 ## - DEWEY DECIMAL CLASSIFICATION NUMBER
Classification number 620
100 ## - MAIN ENTRY--AUTHOR NAME
Personal name यूथ कॉम्पिटिशन
245 ## - TITLE STATEMENT
Title All India TG-2 इलेक्ट्रिशियन थ्‍योरी
260 ## - PUBLICATION, DISTRIBUTION, ETC. (IMPRINT)
Place of publication प्रयागराज
Name of publisher यूथ कॉम्पिटिशन
Year of publication 2025
650 ## - SUBJECT ADDED ENTRY--TOPICAL TERM
Topical Term Eng.
942 ## - ADDED ENTRY ELEMENTS (KOHA)
Koha item type Competitive Books
Holdings
Withdrawn status Lost status Damaged status Not for loan Home library Current library Date acquired Cost, normal purchase price Full call number Accession Number Price effective from Koha item type
        MACL MACL 19/10/2024 695.00 620 DPI002548 19/10/2024 Competitive Books
        MACL MACL 19/10/2024 695.00 620 DPI002547 19/10/2024 Competitive Books